000 00480cam a2200181ua 4500
020 _c77.50
041 _aeng
_h
082 _a593
_bHYM/IN
100 _aHyman, Libbie Henrietta .
245 _aInvertebrates: Protozoa through ctenophora /
_cLibbie Henrietta Hyman.
_hTextual Documents
250 _a1 /
_b.
260 _aNew York :
_bMcGraw Hill Book Company ,
_c1940.
300 _a726 ; .
365 _a77.50
504 _a
942 _cBK
999 _c10843
_d10843